| 000 | 00906nam a2200229Ia 4500 | ||
|---|---|---|---|
| 008 | 0000001990 fr a 0000000000fre00 | ||
| 020 | _a2858505314 | ||
| 090 | _aPRU00 F34f | ||
| 100 | 1 |
_aFilonov, Pavel Nikolaoevitch _d1883 |
|
| 245 | 1 | 0 |
_aFilonov _c/ conception et réalisation Evgueni Kovtoune, Stanislas Zadora, Nicole Ouvrard |
| 300 |
_a248 p. _c/ 30 cm. |
||
| 500 | _aExposición realizada en Centre Georges Pompidou, Paris, Febrero 15 Abril 30, 1990 \ Con el patronazgo de la empresa colombiana PLARESA | ||
| 600 | 0 | 0 |
_aFILONOV, PAVEL NIKOLAOEVOTCH, 18831941/ _xTRABAJOS PICTORICOS |
| 650 | 1 | 4 | _aARTE MODERNO RUSO |
| 650 | 1 | 4 | _xCATALOGOS |
| 650 | 1 | 4 | _aDIBUJOS RUSOS |
| 650 | 1 | 4 | _xEXPOSICIONES |
| 650 | 1 | 4 | _aPINTORES RUSOS |
| 650 | 1 | 4 | _aPINTURA RUSA |
| 700 | 1 | _aKovtoune, Evgueni \ Zadora, Stanislas \ Ouvrard, Nicole | |
| 999 |
_c8158 _d8158 |
||
| 260 |
_aParis : Centre Georges Pompidou _c1990 |
||